00993 a2200229 45000010006000000050017000060080041000230030015000640400040000790800070001192450051001890200018002402640106002583000019003645050175003830410008005589420007005665900036005731000024006099990015006339520115006485995120260407155852.0260407a2004 arg spa dAR-UNSa-BCEJYS aAR-UNSa-BCEJYSbspacAR-UNSa-BCEJYS a339.923:061.1EUxDisposiciones económicas de la Unión Europea10aUnión Europeap¿Paradigma de integración? a950-29-0808-2 1aBuenos Aires :bUniversidad de Buenos Aires. Facultad de Derecho. Departamento de Publicacionesc2004 a407 p.c23 cm. aPrimera Parte: Antecedentes, génesis y evolución de las comunidades europeas – 2. La comunidad europea – 3. La unión Europea – 4. El nuevo damero europeo –  aspa cBK aniveau_biblio:m niveau_hierar:01 aIza, Alejandro Omar c6847d6847 00104070aBCEJYSbBCEJYSc16d2026-04-07l0o339.923:061.1EU I98pL87154r2026-04-07 15:58:52w2026-04-07yL